Agenda ambiental municipio de Sotará : (Registro nro. 6073)

Detalles MARC
000 -CABECERA
Campo de control 00830nam a2200229 a 4500
005 - FECHA Y HORA DE LA ULTIMA TRANSACCION
Campo de control 20160109044718.0
008 - ELEMENTOS DE LONGITUD FIJA—INFORMACION GENERAL
Campo de control 160109b2002 ck ab gr|||| 00| 0 spa d
040 ## - FUENTE DE CATALOGACIÓN
Agencia catalogadora original CO-BoIAVH
Agencia transcriptora CO-BoIAVH
041 0# - IDIOMA
Código de idioma para texto/pista de sonido o título separado Español
044 ## - PAÍS DE PUBLICACIÓN
País de publicación Colombia
082 04 - NUMERO DE CLASIFICACION DECIMAL DEWEY
Número de clasificación 577.098
Número del ítem A26a
110 2# - ASIENTO PRINCIPAL--NOMBRE CORPORATIVO
Unidad subordinad Corporación Autónoma Regional del Cauca
9 (RLIN) 22399
245 1# - MENCION DE TITULO
Título Agenda ambiental municipio de Sotará :
Parte restante del título Cauca, riqueza y futuro para el país /
Mención de responsabilidad Corporación Autónoma Regional del Cauca
260 ## - PUBLICACION, DISTRIBUCION, ETC. (PIE DE IMPRENTA)
Lugar de publicación, distribución, etc. Popayán :
Nombre del editor, distribuidor, etc. Corporación Autónoma Regional del Cauca ,
Fecha de publicación, distribución, etc. 2002.
300 ## - DESCRIPCION FISICA
Extensión 34 páginas :
Otros detalles físicos Ilustraciones, mapas ;
Dimensiones 27 x 20 cm.
650 #6 - ASIENTO SECUNDARIO DE MATERIA - TERMINO TEMATICO
Término temático o nombre geográfico como elemento de entrada Agendas ambientales
9 (RLIN) 23377
650 #6 - ASIENTO SECUNDARIO DE MATERIA - TERMINO TEMATICO
Término temático o nombre geográfico como elemento de entrada Ecología
Subdivisión geográfica Sotará
9 (RLIN) 48938
650 #6 - ASIENTO SECUNDARIO DE MATERIA - TERMINO TEMATICO
Término temático o nombre geográfico como elemento de entrada Desarrollo comunitario
9 (RLIN) 48939
650 #6 - ASIENTO SECUNDARIO DE MATERIA - TERMINO TEMATICO
Término temático o nombre geográfico como elemento de entrada Problemática ambiental
9 (RLIN) 4035
662 ## - ASIENTO SECUNDARIO DE MATERIA - JERARQUIA DEL NOMBRE DE LUGAR(
País o entidad mayor Colombia
Ciudad Sotará
942 ## - ELEMENTOS ADICIONALES (KOHA)
Tipo de ítem Libro
Sistema de clasificación Dewey Decimal Classification
Existencias
Withdrawn status Lost status Sistema de Clasificación Damaged status No para préstamo Colección Inventariado Ubicación Permanente Ubicación actual Fecha de adquisición Fuente de Valor Valor Total Checkouts Número topográfico Inventario / Código de Barras Date last seen Ejemplar Price effective from Forma de adquisición Tipo de material
    Dewey Decimal Classification     General Inventariado 2017 Bogotá Bogotá 26/12/2007 Instituto 15000.00   LB-577.098 A26a 025615 04/12/2012 Ej.1 04/12/2012   Libro